| Tag |
First Indicator |
Second Indicator |
Subfields |
| LEADER |
00000cam a2200000Ia 4500 |
| 001 |
in00001627310 |
| 005 |
20151023064429.0 |
| 008 |
010805s2001 dcuab b f000 0 eng |
| 035 |
|
|
|a (OCoLC)ocm47720063
|
| 040 |
|
|
|a AGL
|c AGL
|d TXA
|d UtOrBLW
|
| 049 |
|
|
|a TXAO
|
| 070 |
0 |
|
|a A281.9
|b Ag8A no. 803
|
| 072 |
|
0 |
|a E110
|
| 086 |
0 |
|
|a A 1.107:803
|
| 100 |
1 |
|
|a Heimlich, Ralph E.
|
| 245 |
1 |
0 |
|a Development at the urban fringe and beyond :
|b impacts on agriculture and rural land /
|c Ralph E. Heimlich, William D. Anderson.
|
| 264 |
|
1 |
|a Washington, DC :
|b U.S. Dept. of Agriculture, Economic Research Service,
|c [2001]
|
| 300 |
|
|
|a vii, 80 pages :
|b color illustrations, color maps ;
|c 28 cm.
|
| 336 |
|
|
|a text
|b txt
|2 rdacontent
|
| 337 |
|
|
|a unmediated
|b n
|2 rdamedia
|
| 338 |
|
|
|a volume
|b nc
|2 rdacarrier
|
| 490 |
1 |
|
|a Agricultural economic report ;
|v no. 803
|
| 500 |
|
|
|a Cover title.
|
| 500 |
|
|
|a "June 2001"--P. [i].
|
| 504 |
|
|
|a Includes bibliographical references (pages 70-78).
|
| 650 |
|
0 |
|a Land use
|z United States
|x Planning.
|
| 650 |
|
0 |
|a Cities and towns
|z United States
|x Growth.
|
| 650 |
|
0 |
|a Land use, Rural
|x Government policy
|z United States.
|
| 700 |
1 |
|
|a Anderson, William D.
|
| 710 |
1 |
|
|a United States.
|b Department of Agriculture.
|b Economic Research Service.
|
| 830 |
|
0 |
|a Agricultural economic report ;
|v no. 803.
|
| 994 |
|
|
|a E0
|b TXA
|
| 999 |
|
|
|a MARS
|
| 999 |
f |
f |
|s 2f70ce41-05c6-3d8d-91f1-12f40d2cc56a
|i b572fba4-3bbd-3d48-8352-63d4bc245cdf
|t 0
|
| 952 |
f |
f |
|p normal
|a Texas A&M University
|b College Station
|c Sterling C. Evans Library
|d Evans: US Documents (Annex 5th floor)
|t 0
|e A 1.107:803
|h Superintendent of Documents classification
|i unmediated -- volume
|m A14827545808
|
| 998 |
f |
f |
|a A 1.107:803
|t 0
|l Evans: US Documents (Annex 5th floor)
|